[Event "SVK-chT2C 1718"]
[Site "Slovakia"]
[Date "2017.11.25"]
[Round "3.4"]
[White "Staffen, Richard"]
[Black "Jelen, Peter"]
[Result "0-1"]
[WhiteElo "2052"]
[BlackElo "2107"]
[PlyCount "65"]
[EventDate "2017.10.28"]
[EventType "team-tourn"]
[EventRounds "11"]
[EventCountry "SVK"]
[SourceTitle "CBM 181 Extra"]
[Source "ChessBase"]
[SourceDate "2017.12.12"]
[SourceVersion "1"]
[SourceVersionDate "2017.12.12"]
[SourceQuality "1"]
[WhiteTeam "Zilina Mladost II"]
[BlackTeam "Ondrasova Krivan"]
[WhiteTeamCountry "SVK"]
[BlackTeamCountry "SVK"]

1. c4 Nf6 2. Nc3 g6 3. g3 Bg7 4. Bg2 0-0 5. e3 c6 6. d4 d5 7. b3 dxc4 8. bxc4 Be6 9. Qa4 Nfd7 10. Qb4 Na6 11. Qb3 Rc8 12. Bb2 Qa5 13. a4 Qb4 14. Qxb4 Nxb4 15. Kd2 Nb6 16. Bf1 Bxc4 17. Nge2 Nd3 18. Ba3 Nxf2 19. Rg1 Rfe8 20. a5 Nd5 21. Rb1 Rb8 22. Bc5 Bh6 23. Nf4 Nxc3 24. Kxc3 Bxf1 25. Rgxf1 Ne4+ 26. Kd3 Nxc5+ 27. dxc5 e5 28. Ne2 Red8+ 29. Ke4 f5+ 30. Kf3 Rd3 31. Rb2 Rxe3+ 32. Kg2 Bf8 33. Rfb1 0-1

[Event "SVK-chT2C 1718"]
[Site "Slovakia"]
[Date "2017.10.29"]
[Round "2.3"]
[White "Valuska, Jan"]
[Black "Jelen, Peter"]
[Result "0-1"]
[WhiteElo "2037"]
[BlackElo "2107"]
[PlyCount "110"]
[EventDate "2017.10.28"]
[EventType "team-tourn"]
[EventRounds "11"]
[EventCountry "SVK"]
[SourceTitle "CBM 181 Extra"]
[Source "ChessBase"]
[SourceDate "2017.12.12"]
[SourceVersion "1"]
[SourceVersionDate "2017.12.12"]
[SourceQuality "1"]
[WhiteTeam "Zvolen Slavia"]
[BlackTeam "Ondrasova Krivan"]
[WhiteTeamCountry "SVK"]
[BlackTeamCountry "SVK"]

1. f4 c5 2. Nf3 Nc6 3. e3 g6 4. Nc3 Bg7 5. Be2 Nf6 6. b3 0-0 7. Bb2 d5 8. 0-0 d4 9. Na4 Qd6 10. Ba3 b6 11. Nb2 Nd5 12. Nc4 Qc7 13. Bb2 Ba6 14. Bd3 Rad8 15. Qc1 b5 16. Na3 Qb6 17. exd4 Nxf4 18. Rf2 cxd4 19. Qf1 Nxd3 20. cxd3 Rd5 21. Re2 e5 22. Qf2 Nb4 23. Ne1 f5 24. Nac2 Nxc2 25. Nxc2 b4 26. Qg3 e4 27. Ne1 Qe6 28. Qc7 Rd7 29. Qc5 Rb8 30. h3 Rb5 31. Qc4 Rdd5 32. Rc1 Bf8 33. Bxd4 Rbc5 34. Qxc5 Bxc5 35. Bxc5 Rxc5 36. Rxc5 Qb6 37. d4 Bxe2 38. Nc2 Bd3 39. Ne3 Qd6 40. Nd5 f4 41. Kf2 Bb1 42. Ke2 f3+ 43. gxf3 Qh2+ 44. Ke3 exf3 45. Kxf3 Qxh3+ 46. Kf2 Qf5+ 47. Kg3 Qg5+ 48. Kf3 Qxd2 49. Rc4 Bd3 50. Rc7 Qe2+ 51. Kg3 Qe1+ 52. Kg4 Qe4+ 53. Nf4 Be2+ 54. Kg5 Qf5+ 55. Kh6 Qxf4# 0-1

[Event "SVK-chT2C 1718"]
[Site "Slovakia"]
[Date "2017.10.28"]
[Round "1.3"]
[White "Jelen, Peter"]
[Black "Frink, Ferenc"]
[Result "0-1"]
[WhiteElo "2107"]
[BlackElo "2106"]
[PlyCount "56"]
[EventDate "2017.10.28"]
[EventType "team-tourn"]
[EventRounds "11"]
[EventCountry "SVK"]
[SourceTitle "CBM 181 Extra"]
[Source "ChessBase"]
[SourceDate "2017.12.12"]
[SourceVersion "1"]
[SourceVersionDate "2017.12.12"]
[SourceQuality "1"]
[WhiteTeam "Ondrasova Krivan"]
[BlackTeam "Filakovo"]
[WhiteTeamCountry "SVK"]
[BlackTeamCountry "SVK"]

1. c4 Nf6 2. Nf3 Nc6 3. Nc3 e5 4. e3 d5 5. cxd5 Nxd5 6. Bb5 Nxc3 7. bxc3 Bd7 8. d4 Bd6 9. e4 0-0 10. 0-0 a6 11. Bxc6 Bxc6 12. dxe5 Bc5 13. Qc2 Qe7 14. Bf4 Qe6 15. Rfe1 Rad8 16. Bg5 Rd7 17. Qc1 Rd3 18. Qf4 h6 19. Bf6 gxf6 20. exf6 Rxf3 21. gxf3 Kh7 22. Kh1 Rg8 23. Rg1 Bd6 24. Qh4 Rg6 25. Rxg6 fxg6 26. Rd1 Be5 27. Rg1 Qxf6 28. Rg3 Bxc3 0-1

[Event "SVK-chT2C 1617"]
[Site "Slovakia"]
[Date "2017.01.21"]
[Round "7.5"]
[White "Baleja, Marian"]
[Black "Jelen, Peter"]
[Result "1-0"]
[WhiteElo "1962"]
[BlackElo "2104"]
[PlyCount "71"]
[EventDate "2016.10.08"]
[EventType "team-tourn"]
[EventRounds "11"]
[EventCountry "SVK"]
[SourceTitle "EXT 2018"]
[Source "ChessBase"]
[SourceDate "2017.10.13"]
[SourceVersion "1"]
[SourceVersionDate "2017.10.13"]
[SourceQuality "1"]
[WhiteTeam "Martin Medea"]
[BlackTeam "Liptov Chess School III"]
[WhiteTeamCountry "SVK"]
[BlackTeamCountry "SVK"]

1. e4 c5 2. d3 Nc6 3. g3 g6 4. Bg2 Bg7 5. f4 e6 6. Nf3 d5 7. e5 f6 8. Qe2 fxe5 9. fxe5 Qc7 10. Bf4 Nh6 11. c3 0-0 12. 0-0 b5 13. Qe3 d4 14. cxd4 Nf5 15. Qd2 Nfxd4 16. Nxd4 cxd4 17. Na3 Rb8 18. Rac1 Bd7 19. Rc5 b4 20. Nc4 Rfc8 21. Rc1 Qd8 22. Nd6 Bf8 23. Bxc6 Bxc6 24. Rxc6 Rxc6 25. Rxc6 Qa5 26. b3 Qd5 27. Qg2 Qa5 28. Ne4 Bg7 29. Rxe6 Rc8 30. Nd6 Rf8 31. Re7 Qc5 32. Qb7 Bh8 33. Nc4 a5 34. Rxh7 Qc8 35. Qxc8 Rxc8 36. Rd7 1-0

[Event "SVK-chT1E 1617"]
[Site "Slovakia"]
[Date "2016.11.20"]
[Round "4.4"]
[White "Jelen, Peter"]
[Black "Zvarik, Martin"]
[Result "0-1"]
[WhiteElo "2087"]
[BlackElo "2268"]
[PlyCount "142"]
[EventDate "2016.10.15"]
[EventType "team-tourn"]
[EventRounds "11"]
[EventCountry "SVK"]
[SourceTitle "EXT 2018"]
[Source "ChessBase"]
[SourceDate "2017.10.13"]
[SourceVersion "1"]
[SourceVersionDate "2017.10.13"]
[SourceQuality "1"]
[WhiteTeam "Liptov Chess School II"]
[BlackTeam "Zilina Mladost"]
[WhiteTeamCountry "SVK"]
[BlackTeamCountry "SVK"]

1. c4 e5 2. Nc3 d6 3. g3 c6 4. Bg2 Be7 5. Nf3 h5 6. d4 exd4 7. Nxd4 h4 8. 0-0 Qa5 9. e4 Nf6 10. Bf4 Ng4 11. Nf5 Bxf5 12. exf5 Ne5 13. Nb5 Qd8 14. c5 cxb5 15. Bxe5 dxe5 16. Qxd8+ Kxd8 17. Bxb7 Bxc5 18. Bxa8 Nd7 19. Bc6 Nf6 20. Rad1+ Ke7 21. Bf3 Bd4 22. Rd2 Nh7 23. Re1 Kf6 24. g4 Ng5 25. Kg2 g6 26. fxg6 Kxg6 27. Be4+ Kh6 28. Bf5 h3+ 29. Kg3 Rd8 30. Be4 Ne6 31. Kxh3 Kg5 32. Kg3 Rh8 33. Bg2 f5 34. gxf5 Ng7 35. Be4 Rh4 36. h3 Rf4 37. Ree2 Nh5+ 38. Kh2 Nf6 39. f3 Rh4 40. Rg2+ Kf4 41. Rg6 Be3 42. Rd8 Nxe4 43. fxe4 Kf3 44. Rg3+ Kxe4 45. Rg4+ Bf4+ 46. Kg2 Rh7 47. f6 Rc7 48. Rg7 Rc2+ 49. Kh1 Bh6 50. Rg4+ Ke3 51. Rh8 Bf4 52. Rg2 Rc1+ 53. Rg1 Rc2 54. Re1+ Kf2 55. f7 Kxe1 56. f8Q Kf1 57. Qxf4+ exf4 58. Rf8 Rc4 59. Kh2 Kf2 60. h4 f3 61. Kh3 Rc1 62. h5 Rh1+ 63. Kg4 Rg1+ 64. Kf4 Rg3 65. h6 Rh3 66. Kg4 Kg2 67. Kg5 f2 68. Kg6 f1Q 69. Rxf1 Kxf1 70. h7 Ke2 71. b3 b4 0-1

[Event "SVK-chT2C 1516"]
[Site "Slovakia"]
[Date "2016.02.13"]
[Round "8.3"]
[White "Miklas, Marian"]
[Black "Jelen, Peter"]
[Result "0-1"]
[WhiteElo "2122"]
[BlackElo "2170"]
[PlyCount "72"]
[EventDate "2015.10.17"]
[EventType "team-tourn"]
[EventRounds "11"]
[EventCountry "SVK"]
[SourceTitle "EXT 2017"]
[Source "ChessBase"]
[SourceDate "2016.10.25"]
[SourceVersion "1"]
[SourceVersionDate "2016.10.25"]
[SourceQuality "1"]
[WhiteTeam "Banska Bystrica Kurta"]
[BlackTeam "Liptov Chess School III"]
[WhiteTeamCountry "SVK"]
[BlackTeamCountry "SVK"]

1. Nf3 Nf6 2. c4 g6 3. g3 Bg7 4. Bg2 0-0 5. 0-0 d6 6. Nc3 c6 7. d4 Qa5 8. e4 e5 9. h3 Nbd7 10. Re1 a6 11. Be3 b5 12. c5 dxc5 13. dxe5 Ne8 14. Qc2 Nc7 15. Rad1 Ne6 16. Bf4 Qc7 17. Rd2 Nxe5 18. Bxe5 Bxe5 19. Nd5 cxd5 20. exd5 Bg7 21. dxe6 Bxe6 22. Nd4 Bxd4 23. Bxa8 Qxg3+ 24. Bg2 Bd5 25. Re4 Bxe4 26. Qxe4 Qg5 27. Qe2 Qf4 28. b3 Rd8 29. Kf1 Kg7 30. Rc2 Rd6 31. Qg4 Qf6 32. Qf3 Qd8 33. Re2 c4 34. bxc4 bxc4 35. Rc2 Bxf2 36. Kxf2 Rf6 0-1

[Event "SVK-chT2C 1516"]
[Site "Slovakia"]
[Date "2016.01.24"]
[Round "7.5"]
[White "Jelen, Peter"]
[Black "Murin, Pavol"]
[Result "1-0"]
[WhiteElo "2159"]
[BlackElo "2027"]
[PlyCount "65"]
[EventDate "2015.10.17"]
[EventType "team-tourn"]
[EventRounds "11"]
[EventCountry "SVK"]
[SourceTitle "CBM 170 Extra"]
[Source "ChessBase"]
[SourceDate "2016.02.25"]
[SourceVersion "1"]
[SourceVersionDate "2016.02.25"]
[SourceQuality "1"]
[WhiteTeam "Liptov Chess School III"]
[BlackTeam "Dolny Kubin"]
[WhiteTeamCountry "SVK"]
[BlackTeamCountry "SVK"]

1. c4 Nf6 2. Nf3 e6 3. g3 d5 4. Bg2 c6 5. 0-0 Nbd7 6. d4 Bd6 7. b3 0-0 8. Bb2 Re8 9. Nc3 b6 10. e4 Nxe4 11. Nxe4 dxe4 12. Ne5 Bxe5 13. dxe5 Nc5 14. Ba3 Bb7 15. Bxc5 bxc5 16. Bxe4 Qxd1 17. Rfxd1 Red8 18. Kf1 a5 19. Ke2 Rd4 20. Rxd4 cxd4 21. Kd3 Rd8 22. b4 axb4 23. Rb1 Ba8 24. c5 f5 25. Bf3 Bb7 26. Rxb4 Ba6+ 27. Kd2 d3 28. Bxc6 Rc8 29. Rb6 Bc4 30. a4 Rc7 31. a5 Ra7 32. Rb8+ Kf7 33. Rb7+ 1-0